Dinámica personal y familiar de los toxicómanos /

Bibliographic Details
Main Author: Charro, Belén
Other Authors: Martínez, María Pilar
Format: Libro
Language:English
Published: Madrid, España UPC 1995
Series:Estudios 57
Subjects:
Online Access:

MARC

LEADER 00000cam a2200000 a 4500
001 013066
003 UAHC_CL
005 20170803120959.0
008 010822b xx j 000 1 eng
020 |a 8487840663 
040 |a UAHC_CL  |c UAHC_CL  |d UAHC_CL 
082 0 4 |a 362.293 Ch485 
100 1 |a Charro, Belén 
245 1 0 |a Dinámica personal y familiar de los toxicómanos /  |c Belén Charro, [et.al.]. 
260 |b UPC  |c 1995  |a Madrid, España 
300 |a 133 p. 
490 0 |a Estudios  |v 57 
650 4 |a TOXICOMANOS 
650 4 |a DROGAS 
653 |a PSICOLOGIA 
700 1 |a Martínez, María Pilar 
900 |a 362.293 CHA 
942 |c BK 
952 |0 0  |1 0  |4 0  |6 362_293000000000000_CHA  |7 0  |8 General  |9 26455  |a BC  |b BC  |c General  |d 2017-08-03  |l 0  |o 362.293 CHA  |p 1300445  |r 2026-01-13 00:00:00  |t 1  |w 2017-08-03  |y BK 
999 |c 13066  |d 13066